[Event "20eme Open de Wasselonne"]
[Site "Espace Saint-Laurent Wasselonne"]
[Date "2015.08.04"]
[Round "2.4"]
[White "Helfer, Remi"]
[Black "Kukov, Velislav"]
[Result "0-1"]
[BlackElo "2363"]
[WhiteElo "2025"]
[LiveChessVersion "1.4.8"]

1. e4 {[%clk 1:30:57]} g6 {[%clk 1:29:27]} 2. d4 {[%clk 1:31:04]} Bg7
{[%clk 1:29:53]} 3. Nc3 {[%clk 1:31:20]} c6 {[%clk 1:30:17]} 4. Nge2
{[%clk 1:30:44]} d5 {[%clk 1:30:05]} 5. g3 {[%clk 1:30:36]} Bg4 {[%clk 1:29:21]}
6. Bg2 {[%clk 1:30:14]} dxe4 {[%clk 1:27:07]} 7. Nxe4 {[%clk 1:29:54]} Nd7
{[%clk 1:22:54]} 8. O-O {[%clk 1:25:27]} Ngf6 {[%clk 1:20:50]} 9. Nxf6+
{[%clk 1:23:55]} Nxf6 {[%clk 1:20:50]} 10. Re1 {[%clk 1:21:17]} O-O
{[%clk 1:20:46]} 11. h3 {[%clk 1:01:38]} Bf5 {[%clk 1:20:38]} 12. Nf4
{[%clk 0:57:24]} h5 {[%clk 1:10:42]} 13. c4 {[%clk 0:46:07]} Re8 {[%clk 1:08:14]}
14. d5 {[%clk 0:32:40]} cxd5 {[%clk 1:05:41]} 15. Nxd5 {[%clk 0:30:30]} Nxd5
{[%clk 1:05:36]} 16. cxd5 {[%clk 0:20:49]} Qd7 {[%clk 1:02:02]} 17. Qb3
{[%clk 0:16:31]} Bxh3 {[%clk 0:53:37]} 18. Bxh3 {[%clk 0:16:44]} Qxh3
{[%clk 0:54:03]} 19. Qxb7 {[%clk 0:16:48]} h4 {[%clk 0:53:26]} 20. Bf4
{[%clk 0:10:46]} Bd4 {[%clk 0:42:57]} 21. Qb3 {[%clk 0:10:59]} Rad8
{[%clk 0:22:09]} 22. Re4 {[%clk 0:05:49]} hxg3 {[%clk 0:12:28]} 23. Bxg3
{[%clk 0:05:56]} Rxd5 {[%clk 0:09:57]} 24. Qxd5 {[%clk 0:05:38]} Qxg3+
{[%clk 0:10:22]} 25. Kh1 {[%clk 0:06:05]} Qf3+ {[%clk 0:10:16]} 26. Kh2
{[%clk 0:06:27]} Bxf2 {[%clk 0:09:47]} 27. Qe5 {[%clk 0:04:41]} Bg3+
{[%clk 0:08:32]} 28. Qxg3 {[%clk 0:05:03]} Qxe4 {[%clk 0:08:59]} 29. Rf1
{[%clk 0:03:36]} Kg7 {[%clk 0:07:33]} 30. Qf4 {[%clk 0:02:59]} Qxf4+
{[%clk 0:06:42]} 31. Rxf4 {[%clk 0:03:23]} e5 {[%clk 0:07:02]} 0-1

[Event "20eme Open de Wasselonne"]
[Site "Espace Saint-Laurent Wasselonne"]
[Date "2015.08.04"]
[Round "3.1"]
[White "Bellahcene, Bilel"]
[Black "Ruff, Maximilian"]
[Result "1-0"]
[BlackElo "2226"]
[WhiteElo "2467"]
[LiveChessVersion "1.4.8"]

1. e4 {[%clk 1:28:37]} e5 {[%clk 1:30:42]} 2. Nf3 {[%clk 1:29:04]} Nc6
{[%clk 1:31:05]} 3. Bb5 {[%clk 1:29:32]} a6 {[%clk 1:30:55]} 4. Ba4
{[%clk 1:29:58]} Nf6 {[%clk 1:31:20]} 5. O-O {[%clk 1:30:25]} Be7
{[%clk 1:31:13]} 6. d3 {[%clk 1:30:45]} b5 {[%clk 1:30:49]} 7. Bb3
{[%clk 1:31:12]} d6 {[%clk 1:28:57]} 8. a3 {[%clk 1:31:38]} O-O {[%clk 1:28:16]}
9. Nc3 {[%clk 1:31:44]} Bg4 {[%clk 1:25:36]} 10. Be3 {[%clk 1:32:10]} Qd7
{[%clk 1:25:02]} 11. h3 {[%clk 1:32:22]} Be6 {[%clk 1:09:32]} 12. Nd5
{[%clk 1:30:49]} Bd8 {[%clk 1:09:15]} 13. Ba2 {[%clk 1:07:14]} Bxd5
{[%clk 1:04:51]} 14. exd5 {[%clk 1:04:39]} Ne7 {[%clk 1:05:07]} 15. c4
{[%clk 1:05:06]} Ng6 {[%clk 1:01:42]} 16. b4 {[%clk 1:02:50]} Re8
{[%clk 0:58:29]} 17. Rc1 {[%clk 0:59:15]} Nh5 {[%clk 0:55:51]} 18. Kh2
{[%clk 0:58:03]} a5 {[%clk 0:48:13]} 19. a4 {[%clk 0:44:52]} bxa4
{[%clk 0:30:53]} 20. b5 {[%clk 0:43:53]} Nhf4 {[%clk 0:28:40]} 21. Ng1
{[%clk 0:42:48]} Ne7 {[%clk 0:27:21]} 22. Ra1 {[%clk 0:42:20]} Nf5
{[%clk 0:25:33]} 23. Bb1 {[%clk 0:40:31]} Nd4 {[%clk 0:23:31]} 24. Rxa4
{[%clk 0:38:19]} Qf5 {[%clk 0:14:45]} 25. Qg4 {[%clk 0:31:07]} Qf6
{[%clk 0:08:34]} 26. g3 {[%clk 0:30:27]} Ng6 {[%clk 0:08:25]} 27. Kg2
{[%clk 0:29:52]} Ne7 {[%clk 0:07:41]} 28. Ne2 {[%clk 0:27:21]} Nef5
{[%clk 0:06:16]} 29. Nxd4 {[%clk 0:21:06]} Nxd4 {[%clk 0:06:15]} 30. Re1
{[%clk 0:21:22]} Be7 {[%clk 0:03:36]} 31. Bd2 {[%clk 0:21:17]} g6
{[%clk 0:01:57]} 32. h4 {[%clk 0:21:14]} h5 {[%clk 0:01:53]} 33. Qd1
{[%clk 0:21:43]} Qf5 {[%clk 0:01:17]} 34. Bc3 {[%clk 0:19:01]} Bf6
{[%clk 0:01:15]} 35. Re3 {[%clk 0:17:50]} Kg7 {[%clk 0:01:05]} 36. Rxa5
{[%clk 0:16:36]} Rxa5 {[%clk 0:01:30]} 37. Bxa5 {[%clk 0:16:59]} Qd7
{[%clk 0:01:28]} 38. Bc3 {[%clk 0:16:17]} Ra8 {[%clk 0:01:47]} 39. Re4
{[%clk 0:16:37]} Qf5 {[%clk 0:00:44]} 40. f4 {[%clk 0:15:51]} Ra3
{[%clk 0:00:38]} 41. Bb2 {[%clk 0:14:52]} Ra8 {[%clk 0:01:01]} 42. Qe1
{[%clk 0:14:12]} Kh7 {[%clk 0:00:43]} 43. Qf2 {[%clk 0:13:57]} Kg7
{[%clk 0:00:36]} 44. Qe1 {[%clk 0:11:26]} Ra4 {[%clk 0:00:47]} 45. Qd1
{[%clk 0:09:12]} Ra8 {[%clk 0:01:05]} 46. fxe5 {[%clk 0:09:33]} dxe5
{[%clk 0:01:26]} 47. Re1 {[%clk 0:09:52]} Qd7 {[%clk 0:00:34]} 48. Rf1
{[%clk 0:09:55]} Qd6 {[%clk 0:00:39]} 49. Qd2 {[%clk 0:10:00]} Qd7
{[%clk 0:00:50]} 50. Rxf6 {[%clk 0:09:57]} Kxf6 {[%clk 0:00:59]} 51. Qg5+
{[%clk 0:10:23]} Kg7 {[%clk 0:01:25]} 52. Qxe5+ {[%clk 0:10:46]} f6
{[%clk 0:01:41]} 53. Qxd4 {[%clk 0:11:13]} Qf5 {[%clk 0:01:28]} 54. Qf2
{[%clk 0:10:47]} Qxf2+ {[%clk 0:01:13]} 55. Kxf2 {[%clk 0:11:15]} Ra4
{[%clk 0:01:37]} 56. Bd4 {[%clk 0:11:38]} Ra3 {[%clk 0:01:39]} 57. Ke3
{[%clk 0:11:01]} Kf7 {[%clk 0:02:04]} 58. Kd2 {[%clk 0:11:28]} g5
{[%clk 0:02:10]} 59. hxg5 {[%clk 0:11:56]} fxg5 {[%clk 0:02:35]} 60. Be5
{[%clk 0:12:23]} Ra7 {[%clk 0:02:48]} 61. d4 {[%clk 0:12:52]} h4 {[%clk 0:03:09]}
62. gxh4 {[%clk 0:13:21]} gxh4 {[%clk 0:03:34]} 63. Bf5 {[%clk 0:13:48]} Ra2+
{[%clk 0:03:11]} 64. Kc3 {[%clk 0:14:05]} h3 {[%clk 0:03:22]} 65. Bxh3
{[%clk 0:14:20]} Ra3+ {[%clk 0:03:50]} 66. Kb4 {[%clk 0:14:48]} Rxh3
{[%clk 0:04:15]} 67. Bxc7 {[%clk 0:15:17]} Ke7 {[%clk 0:03:47]} 68. Be5
{[%clk 0:13:37]} Rh1 {[%clk 0:03:49]} 69. Kc5 {[%clk 0:13:53]} Kd7
{[%clk 0:04:14]} 70. Kb6 {[%clk 0:13:59]} Rc1 {[%clk 0:03:55]} 71. c5
{[%clk 0:14:28]} Kc8 {[%clk 0:04:16]} 72. c6 {[%clk 0:14:34]} 1-0

[Event "20eme Open de Wasselonne"]
[Site "Espace Saint-Laurent Wasselonne"]
[Date "2015.08.04"]
[Round "3.2"]
[White "Zimmer, Raphael"]
[Black "Arnaudov, G. Petar"]
[Result "0-1"]
[BlackElo "2466"]
[WhiteElo "2180"]
[LiveChessVersion "1.4.8"]

1. e4 {[%clk 1:30:56]} c6 {[%clk 1:30:44]} 2. c4 {[%clk 1:31:19]} g6
{[%clk 1:31:08]} 3. d4 {[%clk 1:31:36]} Bg7 {[%clk 1:31:30]} 4. Nc3
{[%clk 1:31:34]} d6 {[%clk 1:31:52]} 5. Be3 {[%clk 1:31:26]} Nf6 {[%clk 1:32:11]}
6. f3 {[%clk 1:31:19]} O-O {[%clk 1:32:29]} 7. Qd2 {[%clk 1:31:05]} a6
{[%clk 1:32:46]} 8. d5 {[%clk 1:27:50]} c5 {[%clk 1:29:31]} 9. a4
{[%clk 1:19:01]} Re8 {[%clk 1:28:43]} 10. Nge2 {[%clk 1:12:36]} e6
{[%clk 1:26:54]} 11. Kf2 {[%clk 1:00:46]} exd5 {[%clk 1:25:39]} 12. exd5
{[%clk 1:00:20]} Nbd7 {[%clk 1:25:21]} 13. Kg1 {[%clk 0:43:28]} Ne5
{[%clk 1:24:16]} 14. Ng3 {[%clk 0:42:30]} Nfg4 {[%clk 1:16:44]} 15. Bf4
{[%clk 0:32:40]} Nd7 {[%clk 1:05:26]} 16. Nce2 {[%clk 0:23:04]} Nge5
{[%clk 1:05:32]} 17. Nc1 {[%clk 0:22:36]} Nb6 {[%clk 1:02:48]} 18. Bxe5
{[%clk 0:16:55]} Bxe5 {[%clk 1:03:10]} 19. Nb3 {[%clk 0:16:58]} Qh4
{[%clk 1:00:30]} 20. Ne4 {[%clk 0:11:34]} f5 {[%clk 1:00:47]} 21. Qf2
{[%clk 0:11:15]} Qh6 {[%clk 0:51:22]} 22. Ng3 {[%clk 0:08:40]} Bf4
{[%clk 0:51:18]} 0-1

[Event "20eme Open de Wasselonne"]
[Site "Espace Saint-Laurent Wasselonne"]
[Date "2015.08.04"]
[Round "3.3"]
[White "Haub, Thorsten Michael"]
[Black "Paleologu, Vladimir"]
[Result "1-0"]
[BlackElo "2109"]
[WhiteElo "2366"]
[LiveChessVersion "1.4.8"]

1. g3 {[%clk 1:30:58]} e5 {[%clk 1:30:56]} 2. Bg2 {[%clk 1:31:17]} d5
{[%clk 1:31:09]} 3. d3 {[%clk 1:31:38]} Nf6 {[%clk 1:31:16]} 4. Nd2
{[%clk 1:31:35]} h6 {[%clk 1:26:17]} 5. e4 {[%clk 1:28:36]} Bc5 {[%clk 1:22:46]}
6. Qe2 {[%clk 1:28:41]} O-O {[%clk 1:22:45]} 7. Ngf3 {[%clk 1:28:55]} Nc6
{[%clk 1:20:51]} 8. O-O {[%clk 1:26:51]} Re8 {[%clk 1:19:24]} 9. c3
{[%clk 1:18:52]} a5 {[%clk 1:15:55]} 10. a4 {[%clk 1:12:07]} Be6 {[%clk 1:02:54]}
11. exd5 {[%clk 0:59:14]} Bxd5 {[%clk 1:01:27]} 12. Ne4 {[%clk 0:59:35]} Nxe4
{[%clk 0:59:25]} 13. dxe4 {[%clk 0:58:08]} Be6 {[%clk 0:58:53]} 14. Nh4
{[%clk 0:48:48]} Ne7 {[%clk 0:57:50]} 15. Qh5 {[%clk 0:42:46]} Qd6
{[%clk 0:49:44]} 16. Bf3 {[%clk 0:29:48]} Rad8 {[%clk 0:46:10]} 17. Be2
{[%clk 0:27:59]} g5 {[%clk 0:33:47]} 18. Ng2 {[%clk 0:24:04]} Kg7
{[%clk 0:32:26]} 19. Ne3 {[%clk 0:22:55]} Bc8 {[%clk 0:31:23]} 20. Nc4
{[%clk 0:22:46]} Qe6 {[%clk 0:23:53]} 21. Nxa5 {[%clk 0:22:30]} Ng8
{[%clk 0:23:41]} 22. Bc4 {[%clk 0:21:16]} Qe7 {[%clk 0:23:06]} 23. Nb3
{[%clk 0:19:12]} Ba7 {[%clk 0:23:20]} 24. Qe2 {[%clk 0:19:04]} Nf6
{[%clk 0:22:21]} 25. Be3 {[%clk 0:18:41]} Bb8 {[%clk 0:21:40]} 26. f3
{[%clk 0:17:22]} Kg6 {[%clk 0:21:07]} 27. Bc5 {[%clk 0:14:30]} Qd7
{[%clk 0:21:27]} 28. Rfd1 {[%clk 0:14:51]} Qh3 {[%clk 0:21:18]} 29. Qg2
{[%clk 0:14:28]} Qxg2+ {[%clk 0:21:44]} 30. Kxg2 {[%clk 0:14:50]} g4
{[%clk 0:21:58]} 31. fxg4 {[%clk 0:09:11]} Bxg4 {[%clk 0:19:25]} 32. Rxd8
{[%clk 0:09:07]} Rxd8 {[%clk 0:19:46]} 33. Be7 {[%clk 0:09:30]} Rd7
{[%clk 0:19:56]} 34. Bxf6 {[%clk 0:09:45]} Kxf6 {[%clk 0:20:19]} 35. Rf1+
{[%clk 0:09:48]} Kg7 {[%clk 0:20:18]} 36. h3 {[%clk 0:09:36]} Bd1
{[%clk 0:19:29]} 37. Nc5 {[%clk 0:05:02]} Rd2+ {[%clk 0:17:42]} 38. Rf2
{[%clk 0:04:55]} Rxf2+ {[%clk 0:18:05]} 39. Kxf2 {[%clk 0:05:21]} Ba7
{[%clk 0:18:14]} 40. Ke1 {[%clk 0:05:47]} Bxc5 {[%clk 0:17:26]} 41. Kxd1
{[%clk 0:06:12]} b6 {[%clk 0:16:13]} 42. Ke2 {[%clk 0:06:32]} Kg6
{[%clk 0:15:15]} 43. Bd3 {[%clk 0:06:34]} Kg5 {[%clk 0:13:54]} 44. Kf3
{[%clk 0:06:41]} Bd6 {[%clk 0:11:58]} 45. b4 {[%clk 0:07:03]} Bf8
{[%clk 0:12:07]} 46. h4+ {[%clk 0:05:07]} Kg6 {[%clk 0:11:30]} 47. Kg4
{[%clk 0:05:14]} Bd6 {[%clk 0:11:12]} 48. a5 {[%clk 0:04:49]} bxa5
{[%clk 0:11:21]} 49. bxa5 {[%clk 0:05:10]} Bc5 {[%clk 0:11:16]} 50. a6
{[%clk 0:05:34]} Bb6 {[%clk 0:07:39]} 51. Bb5 {[%clk 0:05:43]} Ba7
{[%clk 0:07:34]} 52. Bd7 {[%clk 0:05:48]} Bb6 {[%clk 0:07:26]} 53. Kf3
{[%clk 0:04:47]} Kf6 {[%clk 0:07:53]} 54. Bb5 {[%clk 0:04:46]} Ba7
{[%clk 0:08:04]} 55. Bc4 {[%clk 0:04:55]} Bb6 {[%clk 0:08:28]} 56. Bd5
{[%clk 0:04:50]} Ba7 {[%clk 0:08:42]} 57. g4 {[%clk 0:04:11]} Kg6
{[%clk 0:06:00]} 58. Ke2 {[%clk 0:04:05]} h5 {[%clk 0:05:49]} 59. g5
{[%clk 0:01:52]} f6 {[%clk 0:06:02]} 60. gxf6 {[%clk 0:02:10]} Kxf6
{[%clk 0:06:28]} 61. Bc4 {[%clk 0:02:16]} Ke7 {[%clk 0:06:19]} 62. Kf1
{[%clk 0:02:29]} Kd8 {[%clk 0:05:40]} 63. Be2 {[%clk 0:02:48]} Kc8
{[%clk 0:05:49]} 64. Bxh5 {[%clk 0:03:10]} Kb8 {[%clk 0:05:41]} 65. Be2
{[%clk 0:03:29]} Be3 {[%clk 0:05:57]} 66. h5 {[%clk 0:03:47]} Ka7
{[%clk 0:06:26]} 67. Kg2 {[%clk 0:04:00]} Bd2 {[%clk 0:06:47]} 68. Kh3
{[%clk 0:04:17]} 1-0

[Event "20eme Open de Wasselonne"]
[Site "Espace Saint-Laurent Wasselonne"]
[Date "2015.08.04"]
[Round "3.4"]
[White "Kukov, Velislav"]
[Black "Bohlsen, Linus"]
[Result "1-0"]
[BlackElo "2096"]
[WhiteElo "2363"]
[LiveChessVersion "1.4.8"]

1. d4 {[%clk 1:30:58]} d5 {[%clk 1:29:55]} 2. Bf4 {[%clk 1:31:18]} c5
{[%clk 1:29:54]} 3. c3 {[%clk 1:31:42]} Nc6 {[%clk 1:28:40]} 4. e3
{[%clk 1:31:44]} Nf6 {[%clk 1:28:14]} 5. Nd2 {[%clk 1:31:28]} Bf5
{[%clk 1:24:56]} 6. Ngf3 {[%clk 1:30:08]} e6 {[%clk 1:23:34]} 7. Ne5
{[%clk 1:23:15]} Nd7 {[%clk 1:17:55]} 8. Bb5 {[%clk 1:20:35]} Ndxe5
{[%clk 1:14:39]} 9. Bxe5 {[%clk 1:20:28]} Qb6 {[%clk 1:09:55]} 10. Qa4
{[%clk 1:14:53]} Be7 {[%clk 1:04:28]} 11. g4 {[%clk 1:09:16]} f6 {[%clk 0:51:54]}
12. Bxf6 {[%clk 1:05:03]} Bxf6 {[%clk 0:51:39]} 13. gxf5 {[%clk 1:05:22]} cxd4
{[%clk 0:47:49]} 14. exd4 {[%clk 1:01:27]} O-O {[%clk 0:43:21]} 15. O-O-O
{[%clk 0:57:41]} exf5 {[%clk 0:40:50]} 16. Bd3 {[%clk 0:55:30]} Kh8
{[%clk 0:37:26]} 17. h4 {[%clk 0:47:58]} Qa5 {[%clk 0:26:57]} 18. Qxa5
{[%clk 0:47:18]} Nxa5 19. Nf3 {[%clk 0:46:28]} Nc4 {[%clk 0:24:34]} 20. Bxc4
{[%clk 0:29:43]} dxc4 {[%clk 0:24:58]} 21. Ne5 {[%clk 0:29:57]} b5
{[%clk 0:17:12]} 22. Nd7 {[%clk 0:30:01]} Rf7 {[%clk 0:16:50]} 23. Nxf6
{[%clk 0:30:26]} Rxf6 {[%clk 0:17:17]} 24. Rde1 {[%clk 0:30:48]} a5
{[%clk 0:09:57]} 25. Re5 {[%clk 0:30:35]} Rb8 {[%clk 0:08:57]} 26. Rhe1
{[%clk 0:30:42]} g6 {[%clk 0:06:40]} 27. Re8+ {[%clk 0:28:03]} Rf8
{[%clk 0:04:48]} 28. Rxf8+ {[%clk 0:28:18]} Rxf8 {[%clk 0:05:13]} 29. Re5
{[%clk 0:28:45]} Rb8 {[%clk 0:05:08]} 30. a4 {[%clk 0:25:47]} bxa4
{[%clk 0:04:58]} 31. Rxa5 {[%clk 0:24:53]} Re8 {[%clk 0:04:55]} 32. Kd2
{[%clk 0:23:59]} Re4 {[%clk 0:04:54]} 33. Rxa4 {[%clk 0:23:54]} Rxh4
{[%clk 0:04:27]} 34. Rxc4 {[%clk 0:24:13]} h5 {[%clk 0:03:13]} 35. b4
{[%clk 0:24:33]} Rf4 {[%clk 0:01:43]} 36. b5 {[%clk 0:17:42]} Rxf2+
{[%clk 0:01:20]} 37. Ke1 {[%clk 0:17:37]} Rb2 {[%clk 0:00:52]} 38. Rb4
{[%clk 0:17:51]} Ra2 {[%clk 0:00:50]} 39. b6 {[%clk 0:17:30]} Ra8
{[%clk 0:01:03]} 40. b7 {[%clk 0:17:04]} Rb8 {[%clk 0:01:21]} 41. c4
{[%clk 0:17:24]} h4 {[%clk 0:01:35]} 42. c5 {[%clk 0:17:13]} h3 {[%clk 0:01:54]}
43. Kf2 {[%clk 0:17:25]} 1-0

[Event "20eme Open de Wasselonne"]
[Site "Espace Saint-Laurent Wasselonne"]
[Date "2015.08.04"]
[Round "4.1"]
[White "Haub, Thorsten Michael"]
[Black "Bellahcene, Bilel"]
[Result "1/2-1/2"]
[BlackElo "2467"]
[WhiteElo "2366"]
[LiveChessVersion "1.4.8"]

1. Nf3 {[%clk 1:30:38]} d5 {[%clk 1:30:54]} 2. g3 {[%clk 1:31:01]} Nc6
{[%clk 1:31:21]} 3. d3 {[%clk 1:31:15]} e5 {[%clk 1:31:44]} 4. Nbd2
{[%clk 1:30:30]} Be6 {[%clk 1:32:08]} 5. c3 {[%clk 1:29:48]} f6 {[%clk 1:31:37]}
6. b4 {[%clk 1:28:25]} Qd7 {[%clk 1:31:17]} 7. Bb2 {[%clk 1:22:07]} g5
{[%clk 1:30:36]} 8. Bg2 {[%clk 1:09:05]} Nce7 {[%clk 1:29:18]} 9. Nb3
{[%clk 1:05:06]} Ng6 {[%clk 1:28:16]} 10. h4 {[%clk 1:05:22]} g4 {[%clk 1:25:00]}
11. Nfd2 {[%clk 1:05:37]} h5 {[%clk 1:25:26]} 12. Nc5 {[%clk 1:02:48]} Bxc5
{[%clk 1:25:51]} 13. bxc5 {[%clk 1:03:14]} N8e7 {[%clk 1:26:17]} 14. Qb3
{[%clk 0:37:43]} c6 {[%clk 1:20:04]} 15. c4 {[%clk 0:37:04]} O-O {[%clk 1:18:21]}
16. cxd5 {[%clk 0:33:58]} cxd5 {[%clk 1:16:47]} 17. d4 {[%clk 0:33:43]} e4
{[%clk 1:12:51]} 18. e3 {[%clk 0:32:17]} Rfc8 {[%clk 1:10:49]} 19. Ba3
{[%clk 0:30:07]} Bf7 {[%clk 1:10:23]} 20. Nb1 {[%clk 0:28:01]} Nc6
{[%clk 1:02:56]} 21. Bf1 {[%clk 0:24:23]} b6 {[%clk 0:56:16]} 22. Bb5
{[%clk 0:19:21]} Qd8 {[%clk 0:45:39]} 23. Bxc6 {[%clk 0:18:21]} Rxc6
{[%clk 0:46:08]} 24. Qa4 {[%clk 0:17:57]} Be8 {[%clk 0:46:03]} 25. Qb3
{[%clk 0:17:58]} bxc5 {[%clk 0:45:34]} 26. Bxc5 {[%clk 0:17:29]} Ne5
{[%clk 0:31:11]} 27. O-O {[%clk 0:17:51]} Nd3 {[%clk 0:31:20]} 28. Nc3
{[%clk 0:17:13]} Bf7 {[%clk 0:31:34]} 29. Qa4 {[%clk 0:15:56]} Qc8
{[%clk 0:30:10]} 30. Rab1 {[%clk 0:14:48]} Nxc5 {[%clk 0:27:27]} 31. dxc5
{[%clk 0:15:13]} Rxc5 {[%clk 0:27:53]} 32. Ne2 {[%clk 0:15:11]} Qc7
{[%clk 0:22:20]} 33. Nd4 {[%clk 0:15:03]} Rc8 {[%clk 0:22:03]} 34. Qa6
{[%clk 0:14:34]} Qd8 {[%clk 0:17:22]} 1/2-1/2

[Event "20eme Open de Wasselonne"]
[Site "Espace Saint-Laurent Wasselonne"]
[Date "2015.08.04"]
[Round "4.2"]
[White "Arnaudov, G. Petar"]
[Black "Kukov, Velislav"]
[Result "1/2-1/2"]
[BlackElo "2363"]
[WhiteElo "2466"]
[LiveChessVersion "1.4.8"]

1. e4 {[%clk 1:30:41]} e5 {[%clk 1:30:45]} 2. Nf3 {[%clk 1:31:02]} Nc6
{[%clk 1:31:01]} 3. Bb5 {[%clk 1:31:06]} a6 {[%clk 1:29:50]} 4. Ba4
{[%clk 1:31:21]} Nf6 {[%clk 1:30:05]} 5. O-O {[%clk 1:31:42]} Be7
{[%clk 1:28:38]} 6. Re1 {[%clk 1:32:05]} b5 {[%clk 1:28:54]} 7. Bb3
{[%clk 1:32:24]} d6 {[%clk 1:28:53]} 8. c3 {[%clk 1:32:47]} O-O {[%clk 1:29:11]}
9. d4 {[%clk 1:33:10]} Re8 {[%clk 1:29:15]} 10. h3 {[%clk 1:33:23]} Bb7
{[%clk 1:26:39]} 11. Ng5 {[%clk 1:33:41]} Rf8 {[%clk 1:26:58]} 12. Nf3
{[%clk 1:33:54]} Re8 {[%clk 1:27:16]} 13. Ng5 {[%clk 1:34:19]} Rf8
{[%clk 1:27:39]} 14. Nf3 {[%clk 1:34:44]} Re8 {[%clk 1:28:05]} 15. Ng5 1/2-1/2

[Event "20eme Open de Wasselonne"]
[Site "Espace Saint-Laurent Wasselonne"]
[Date "2015.08.04"]
[Round "4.3"]
[White "Braeuning, Rudolf Wilhelm"]
[Black "Ehmann, Thilo"]
[Result "1-0"]
[BlackElo "2283"]
[WhiteElo "2358"]
[LiveChessVersion "1.4.8"]

1. c4 {[%clk 1:27:56]} c5 {[%clk 1:30:41]} 2. Nc3 {[%clk 1:28:19]} Nf6
{[%clk 1:31:05]} 3. g3 {[%clk 1:28:44]} d5 {[%clk 1:31:29]} 4. cxd5
{[%clk 1:29:09]} Nxd5 {[%clk 1:31:55]} 5. Bg2 {[%clk 1:29:35]} Nc7
{[%clk 1:32:16]} 6. Qb3 {[%clk 1:29:59]} Nc6 {[%clk 1:31:40]} 7. Bxc6+
{[%clk 1:30:22]} bxc6 {[%clk 1:32:07]} 8. Qa4 {[%clk 1:30:21]} Bd7
{[%clk 1:29:33]} 9. Nf3 {[%clk 1:30:31]} f6 {[%clk 1:27:41]} 10. d3
{[%clk 1:15:18]} e5 {[%clk 1:25:48]} 11. Be3 {[%clk 1:06:30]} Nb5
{[%clk 1:23:22]} 12. Rc1 {[%clk 0:56:46]} Nd4 {[%clk 1:22:26]} 13. Nd2
{[%clk 0:30:56]} Rb8 {[%clk 0:51:00]} 14. b3 {[%clk 0:19:37]} Qc7
{[%clk 0:47:28]} 15. Nce4 {[%clk 0:15:15]} Rb4 {[%clk 0:42:02]} 16. Qa6
{[%clk 0:14:20]} Bc8 {[%clk 0:32:31]} 17. Qa3 {[%clk 0:14:45]} c4
{[%clk 0:31:21]} 18. Bxd4 {[%clk 0:13:04]} exd4 {[%clk 0:31:38]} 19. dxc4
{[%clk 0:10:04]} Rxc4 {[%clk 0:31:31]} 20. Qb2 {[%clk 0:08:56]} Rxc1+
{[%clk 0:31:32]} 21. Qxc1 {[%clk 0:09:25]} Be6 {[%clk 0:30:19]} 22. O-O
{[%clk 0:08:07]} Be7 {[%clk 0:28:54]} 23. Nf3 {[%clk 0:07:34]} Qb6
{[%clk 0:28:49]} 24. Rd1 {[%clk 0:01:33]} c5 {[%clk 0:28:24]} 25. Kg2
{[%clk 0:01:35]} O-O {[%clk 0:27:43]} 26. Ned2 {[%clk 0:01:42]} Re8
{[%clk 0:25:30]} 27. Nc4 {[%clk 0:01:54]} Qa6 {[%clk 0:25:53]} 28. Qc2
{[%clk 0:02:06]} Bf8 {[%clk 0:25:55]} 29. e4 {[%clk 0:02:02]} Qc6
{[%clk 0:20:57]} 30. Nfd2 {[%clk 0:00:38]} f5 {[%clk 0:20:31]} 31. f3
{[%clk 0:01:01]} fxe4 {[%clk 0:20:12]} 32. Nxe4 {[%clk 0:01:11]} Bf5
{[%clk 0:19:37]} 33. Ncd2 {[%clk 0:01:36]} Qh6 {[%clk 0:18:17]} 34. Re1
{[%clk 0:01:29]} Qg6 {[%clk 0:11:42]} 35. h3 {[%clk 0:01:04]} h5 {[%clk 0:10:57]}
36. Kf2 {[%clk 0:01:13]} Qf7 {[%clk 0:07:04]} 37. Kg2 {[%clk 0:01:15]} Qg6
{[%clk 0:06:48]} 38. Kf2 {[%clk 0:01:26]} Kh8 {[%clk 0:05:27]} 39. g4
{[%clk 0:01:37]} Be6 {[%clk 0:05:46]} 40. Rg1 {[%clk 0:01:25]} Be7
{[%clk 0:05:47]} 41. Ke2 {[%clk 0:01:28]} Rd8 {[%clk 0:05:47]} 42. Qd3
{[%clk 0:01:36]} Rf8 {[%clk 0:05:21]} 43. Nxc5 {[%clk 0:01:09]} Bf5
{[%clk 0:05:28]} 44. Nce4 {[%clk 0:01:22]} Bb4 {[%clk 0:04:06]} 45. Qxd4
{[%clk 0:01:02]} Bxe4 {[%clk 0:01:54]} 46. Nxe4 {[%clk 0:01:29]} Ba5
{[%clk 0:01:20]} 47. gxh5 {[%clk 0:01:17]} Qa6+ {[%clk 0:01:37]} 48. Qc4
{[%clk 0:01:01]} Qh6 {[%clk 0:01:04]} 49. Rg5 {[%clk 0:00:47]} Bb6
{[%clk 0:01:17]} 50. Qd5 {[%clk 0:00:41]} Rd8 {[%clk 0:01:33]} 51. Qf7
{[%clk 0:00:49]} Bd4 {[%clk 0:01:13]} 52. Qg6 {[%clk 0:00:44]} Qh7
{[%clk 0:00:47]} 53. Rf5 {[%clk 0:00:35]} Qg8 {[%clk 0:00:57]} 54. h6
{[%clk 0:00:45]} Qe8 {[%clk 0:00:59]} 55. hxg7+ {[%clk 0:01:00]} Bxg7
{[%clk 0:01:24]} 56. Qxe8+ {[%clk 0:01:10]} Rxe8 {[%clk 0:01:50]} 57. Rf7 1-0

[Event "20eme Open de Wasselonne"]
[Site "Espace Saint-Laurent Wasselonne"]
[Date "2015.08.04"]
[Round "4.4"]
[White "Becker, Dirk"]
[Black "Mensch, Etienne"]
[Result "1-0"]
[BlackElo "2334"]
[WhiteElo "2270"]
[LiveChessVersion "1.4.8"]

1. e4 {[%clk 1:30:48]} c5 {[%clk 1:28:33]} 2. Nf3 {[%clk 1:31:03]} Nc6
{[%clk 1:28:55]} 3. Bb5 {[%clk 1:30:43]} g6 {[%clk 1:29:20]} 4. Bxc6
{[%clk 1:30:35]} dxc6 {[%clk 1:29:45]} 5. d3 {[%clk 1:30:23]} Bg7
{[%clk 1:26:47]} 6. h3 {[%clk 1:30:26]} Nf6 {[%clk 1:26:46]} 7. Nc3
{[%clk 1:30:26]} Nd7 {[%clk 1:27:11]} 8. Be3 {[%clk 1:30:28]} e5 {[%clk 1:27:34]}
9. Qd2 {[%clk 1:30:30]} h6 {[%clk 1:27:58]} 10. a3 {[%clk 1:27:01]} a5
{[%clk 1:21:27]} 11. Na4 {[%clk 1:23:02]} b6 {[%clk 1:19:02]} 12. O-O
{[%clk 1:21:14]} Rb8 {[%clk 0:56:20]} 13. b4 {[%clk 1:15:58]} cxb4
{[%clk 0:45:36]} 14. axb4 {[%clk 1:15:50]} b5 {[%clk 0:45:55]} 15. Nc5
{[%clk 1:16:10]} a4 {[%clk 0:46:04]} 16. Nxd7 {[%clk 1:11:25]} Bxd7
{[%clk 0:36:48]} 17. Bc5 {[%clk 1:09:02]} Be6 18. Rfc1 {[%clk 0:56:23]} g5
{[%clk 0:34:05]} 19. c4 {[%clk 0:51:04]} f6 {[%clk 0:32:38]} 20. cxb5
{[%clk 0:50:14]} cxb5 {[%clk 0:33:06]} 21. d4 {[%clk 0:50:20]} Kf7
{[%clk 0:28:27]} 22. Qe2 {[%clk 0:44:30]} Rb7 {[%clk 0:18:10]} 23. Ra3
{[%clk 0:41:39]} Re8 {[%clk 0:16:05]} 24. d5 {[%clk 0:37:38]} Bd7
{[%clk 0:15:06]} 25. Ne1 {[%clk 0:37:32]} Kg6 {[%clk 0:14:15]} 26. Rac3
{[%clk 0:31:56]} f5 {[%clk 0:13:45]} 27. exf5+ {[%clk 0:31:47]} Bxf5
{[%clk 0:14:03]} 28. g4 {[%clk 0:31:50]} Bd7 {[%clk 0:14:04]} 29. Qe4+
{[%clk 0:32:00]} Kf7 {[%clk 0:14:26]} 30. Qh7 {[%clk 0:26:24]} e4
{[%clk 0:10:06]} 31. Bd4 {[%clk 0:26:09]} Rg8 {[%clk 0:10:33]} 32. Qxe4
{[%clk 0:25:59]} Bxd4 {[%clk 0:08:57]} 33. Qxd4 {[%clk 0:26:12]} Rf8
{[%clk 0:08:28]} 34. d6 {[%clk 0:22:28]} Rb8 {[%clk 0:02:13]} 35. Rc7
{[%clk 0:20:59]} Kg8 {[%clk 0:02:26]} 36. Nd3 {[%clk 0:20:40]} Rf7
{[%clk 0:02:29]} 37. Qd5 1-0